000 00414nam a2200181Ia 4500
001 16056
005 20260306170241.0
008 260306t2011||||xx |||||||||||||| ||und||
041 _aESP
082 _a346.6
_bB52 T. 3
100 _aBianca, C. Massimo
_eAUT
245 0 _aDerecho civil:
_bel contrato
260 _c2011
300 _a
_c24 cm.
650 _aGEN
654 _aCDE
942 _cLIB
_dJUS
_fJUS
_2ddc
_n
999 _c16056
_d16056